000 00425nam a22001457a 4500
005 20250626031034.0
008 230830b |||||||| |||| 00| 0 eng d
020 _a9781350162815
040 _cIVS
082 _a193 MCH
_b21215
245 _aWittgenstein's Family Letters:
_bCorresponding with Ludwig
_cedited by Brian McGuinness
260 _aLondon:
_bBloomsbury Academic,
_c2019.
300 _a295 p.
942 _2ddc
_cBK
_n0
999 _c14871
_d14871